| 000 | 01085cam a22003377a 4500 | ||
|---|---|---|---|
| 003 | CHAP | ||
| 005 | 20220817042829.0 | ||
| 008 | 971013s1975 r 00010 d | ||
| 010 | _a57008 | ||
| 011 | _a57980 | ||
| 035 | _a62135 | ||
| 040 | _cCHAP | ||
| 082 |
_a080 _bS4 v.198 |
||
| 100 | 0 | 0 |
_aSchumacher García, María Esther. _9103238 |
| 245 | 1 | 3 | _aEl Perú contemporáneo |
| 260 |
_aMéxico : _bSecretaría de Educación Publica, _c1975 |
||
| 300 |
_a157 p. _b: mapa |
||
| 490 | 0 |
_aSEP/Setentas _v; 198 |
|
| 590 |
_aBATCH-UPD _b10 _c20130110 _lUCH01 _h0556 |
||
| 590 |
_aBATCH-UPD _b10 _c20130110 _lUCH01 _h2309 |
||
| 590 |
_aBATCH-UPD _b10 _c20130410 _lUCH01 _h0238 |
||
| 590 |
_aBATCH-UPD _b10 _c20130410 _lUCH01 _h1616 |
||
| 590 |
_aBATCH-UPD _b10 _c20130914 _lUCH01 _h2015 |
||
| 590 |
_aCONVERSION _b10 _c20130109 _lUCH01 _h1331 |
||
| 650 | 1 | 4 |
_aPerú _xCondiciones económicas. _987218 |
| 650 | 1 | 4 |
_aPerú _xCondiciones sociales. _987220 |
| 830 | 0 |
_aSEP. Setentas _v; 198 |
|
| 901 | _aBK | ||
| 942 | _cLIBRO | ||
| 949 |
_a080 S4 v.198 _bBC _cLIBRO _d-133192 _eLIBRO _h44563 _i62135 _mD _si |
||
| 999 |
_c57008 _d57008 |
||